| 000 | 00785cab a2200313 4500 | ||
|---|---|---|---|
| 001 | ABS48788 | ||
| 008 | 090401t1993 xxu||||| |||| 00| 0 eng d | ||
| 035 | _a(Sirsi) u68542 | ||
| 041 | _aeng | ||
| 245 | _aPharmaceuticals | ||
| 260 | _c1993 | ||
| 350 | _a0 | ||
| 490 |
_aEstates Times _v(1192) 4 June 1993, 12-15(4) |
||
| 520 | _aLooks at the popularity of the UK as a location for pharmaceutical firms. | ||
| 650 | _aBASINGSTOKE | ||
| 650 | _aDUNDEE | ||
| 650 | _aGLAXO | ||
| 650 | _aLEATHERHEAD | ||
| 650 | _aLUNDBECK | ||
| 650 | _aLUTTERWORTH | ||
| 650 | _aMEDEVA | ||
| 650 | _aMERCK | ||
| 650 | _aMILTON KEYNES | ||
| 650 | _aPHARMACEUTICAL COMPANIES | ||
| 650 | _aTAYSIDE | ||
| 690 | _aPROPERTY-COMMERCIAL PROPERTY | ||
| 942 | _n0 | ||
| 948 | _c04/03/1997 | ||
| 999 |
_c43003 _d43003 |
||